Factors determining interest policy of commercial banks in selected countries
Vývoj bankového sektora v krajinách juho-východnej Európy - krajiny V4 a Srbsko. Rozptyl bankového sektora. Konkurencia na bankovom trhu. Úroková politika komerčných bánk. Úverové štandardy.
Saved in:
| Main Author: | |
|---|---|
| Format: | Book Chapter |
| Language: | English |
| Subjects: | |
| Tags: |
No Tags, Be the first to tag this record!
|
MARC
| LEADER | 00000naa$a2200000$$$4500 | ||
|---|---|---|---|
| 001 | 0116139 | ||
| 005 | 20240502072308.8 | ||
| 041 | 0 | |a eng | |
| 044 | |a SK | ||
| 245 | 1 | 0 | |a Factors determining interest policy of commercial banks in selected countries |c Zdenka Střelecká |
| 520 | |a Vývoj bankového sektora v krajinách juho-východnej Európy - krajiny V4 a Srbsko. Rozptyl bankového sektora. Konkurencia na bankovom trhu. Úroková politika komerčných bánk. Úverové štandardy. | ||
| 610 | 2 | 0 | |a banky obchodné |
| 610 | 2 | 0 | |a úrok |
| 610 | 2 | 0 | |a sadzby úrokové |
| 610 | 2 | 0 | |a úver |
| 610 | 2 | 0 | |a konkurencia |
| 610 | 2 | 0 | |a Vyšehradská štvorka |
| 610 | 2 | 0 | |a Srbsko |
| 100 | 1 | |a Střelecká, Zdenka | |